Top 10 Countries By Religion: Buddhism - Statistics

General Stats
  • This quiz has been taken 475 times
  • The average score is 12 of 14
Answer Stats
Type Rank Country Amount % Correct
Total 1 China 244,130,000
99%
Total 3 Japan 45,820,000
95%
Total 2 Thailand 64,420,000
94%
Total 9 India 9,250,000
93%
Total 6 Vietnam 14,380,000
92%
Total 7 Cambodia 13,690,000
91%
Percent 6 Laos 66.1%
90%
Total 4 Myanmar 38,410,000
87%
Total 8 South Korea 11,050,000
87%
Percent 4 Bhutan 74.7%
81%
Total 10 Malaysia 5,010,000
80%
Total 5 Sri Lanka 14,450,000
76%
Percent 7 Mongolia 55.1%
72%
Percent 9 Singapore 33.9%
70%
No matching quizzes found
Score Distribution
Percent of People with Each Score
Percentile by Number Answered
Your Score History
You have not taken this quiz